La vie quotidienne des moines en Orient et en Occident : IVe-Xe siècle /

محفوظ في:

مؤلف مشترك: Vie quotidienne des moines en Orient et en Occident (Conference) Athens, Greece)

التنسيق: وقائع المؤتمر كتاب

اللغة: French
English

منشور في: Le Caire : Athènes : Institut français d'archéologie orientale ; École française d'Athènes, 2015-2019.

سلاسل: Bibliotheque d'Etude ; 163, 170.
BDE ; 163, 170.

الموضوعات:

الوسوم: إضافة وسم

لا توجد وسوم, كن أول من يضع وسما على هذه التسجيلة!

رقم الطلب: DT57 .C18 v.163, 170

LEADER 01611nam a22003497a 4500
003 OSt
005 20260427080544.0
008 260209m20152019ua abe b 100 0 fre d
020 |a 9782724706550   |q (v. 1) 
020 |a 2724706552 (v. 1) 
020 |a 9782724707151 (v. 2) 
020 |a 272470715X (v. 2) 
040 |c ARCE Library 
041 0 |a fre  |a eng  |b fre  |b eng  
043 |a e------  |a aw-----  
050 4 |a DT57 .C18 v.163, 170 
111 2 |a Vie quotidienne des moines en Orient et en Occident (Conference)  |d (2009 :  |c Athens, Greece),  |9 21168 
245 1 3 |a La vie quotidienne des moines en Orient et en Occident :   |b IVe-Xe siècle /   |c édité par Olivier Delouis et Maria Mossakowska-Gaubert. 
264 1 |a Le Caire :  |b Institut français d'archéologie orientale ;  |a Athènes :  |b École française d'Athènes,  |c 2015-2019.   |6   
300 |a 2 volumes :  |b illustrations (some color), maps, plans ;  |c 29 cm.  
490 1 |a Bibliotheque d'Etude ;   |v 163, 170. 
490 1 |a BDE ;   |v 163, 170. 
504 |a Includes bibliographical references.  
505 0 |a Volume I. L'etat des sources / édité par Olivier Delouis et Maria Mossakowska-Gaubert -- volume II. Questions transversales / édité par Olivier Delouis et Maria Mossakowska-Gaubert. 
546 |a Contributions in French, English ; abstracts in French and English. 
650 0 |a Monasticism and religious orders  |z Europe  |x History. 
650 0 |a Monasticism and religious orders  |z Middle East  |x History. 
830 0 |a Bibliotheque d'Etude ;   |v 163, 170. 
830 0 |a BDE ;   |v 163, 170. 
901 |a reviewed 
942 |c BK  |2 lcc 
999 |c 2252  |d 2252